Statistics for Minnesota Timberwolves All-NBA Players

Click here to take the quiz!

General Stats

  • This quiz has been taken 140 times
  • The average score is 4 of 5

Answer Stats

Player% Correct
Karl-Anthony Towns
98%
Kevin Garnett
98%
Jimmy Butler
86%
Kevin Love
84%
Sam Cassell
68%

Score Distribution

Percentile by Number Answered

Percent of People with Each Score

Your Score History

You have not taken this quiz